Fr. Conceicao Rodrigues College of Engineering

Microprocessor applications for productivity improvement (Record no. 18281)

MARC details
000 -LEADER
fixed length control field 00322nam a2200133Ia 4500
082 ## - DEWEY DECIMAL CLASSIFICATION NUMBER
Classification number 1.64
Item number INM
100 ## - MAIN ENTRY--PERSONAL NAME
Personal name INMAP
245 ## - TITLE STATEMENT
Title Microprocessor applications for productivity improvement
260 ## - PUBLICATION, DISTRIBUTION, ETC.
Name of publisher, distributor, etc. Tata Mc Graw hill
Place of publication, distribution, etc. New Delhi
Date of publication, distribution, etc. 1988
300 ## - PHYSICAL DESCRIPTION
Extent 442
546 ## - LANGUAGE NOTE
Language note ENGLISH
654 ## - SUBJECT ADDED ENTRY--FACETED TOPICAL TERMS
Focus term microprocessor
942 ## - ADDED ENTRY ELEMENTS (KOHA)
Koha item type Reference Book
Holdings
Withdrawn status Lost status Damaged status Not for loan Collection Home library Current library Shelving location Date acquired Cost, normal purchase price Total Checkouts Full call number Barcode Date last seen Cost, replacement price Price effective from Koha item type
        CRC Fr. Agnel's C.Rodrigues College of Engineering Fr. Agnel's C.Rodrigues College of Engineering   17/03/2023 270.00   1.64 INM 2633 17/03/2023 270.00 17/03/2023 Reference Book